COMMUNITY HEALTH NURSING FOR B.SC & POST BASIC B. SC. NURSING STUDENTS VOL-2 (Record no. 21884)
[ view plain ]
| 000 -LEADER | |
|---|---|
| fixed length control field | 00418nam a22001577a 4500 |
| 003 - CONTROL NUMBER IDENTIFIER | |
| control field | SGT |
| 020 ## - INTERNATIONAL STANDARD BOOK NUMBER | |
| International Standard Book Number | 9789351529187 |
| 082 ## - DEWEY DECIMAL CLASSIFICATION NUMBER | |
| Classification number | 610.7343 |
| Item number | C16B |
| 100 ## - MAIN ENTRY--PERSONAL NAME | |
| Personal name | BASAVANTHAPPA, BT. |
| 245 ## - TITLE STATEMENT | |
| Title | COMMUNITY HEALTH NURSING FOR B.SC & POST BASIC B. SC. NURSING STUDENTS VOL-2 |
| 250 ## - EDITION STATEMENT | |
| Edition statement | 3RD |
| 260 ## - PUBLICATION, DISTRIBUTION, ETC. (IMPRINT) | |
| Place of publication, distribution, etc | INDIA |
| Name of publisher, distributor, etc | JAYPEE PUB |
| Year of Publication | 2016 |
| 300 ## - PAGE DESCRIPTION | |
| No. of Pages | 763-1477 |
| 650 ## - SUBJECT ADDED ENTRY--TOPICAL TERM | |
| Topical term or geographic name as entry element | COMMUNITY HEALTH NURSING |
| 942 ## - ADDED ENTRY ELEMENTS (KOHA) | |
| Source of classification or shelving scheme | Dewey Decimal Classification |
| Koha item type | Books |
| 942 ## - ADDED ENTRY ELEMENTS (KOHA) | |
| -- | 68 |
| Withdrawn status | Lost status | Source of classification or shelving scheme | Damaged status | Not for loan | Collection code | Home library | Current library | Shelving location | Date acquired | Vendor Name | Cost, normal purchase price | Volume Information (Serial or Books or Non-Book Material) | SGTU | Bill Number | Total Checkouts | Full call number | Accession No. (Barcode) | Date last seen | Date last borrowed | Bill Date | Koha item type |
|---|---|---|---|---|---|---|---|---|---|---|---|---|---|---|---|---|---|---|---|---|---|
| Dewey Decimal Classification | NURSING | SGT Medical Library | SGT Medical Library | Text Book | 28/09/2021 | JAYPEE PUB | 0.00 | VOLUME-2 | SGTU | N5/INV/-1/2100076 | 19 | 610.7343 C16B | FN4216 | 09/01/2026 | 25/12/2025 | Books | |||||
| Dewey Decimal Classification | NURSING | SGT Medical Library | SGT Medical Library | Text Book | 28/09/2021 | JAYPEE PUB | 0.00 | VOLUME-2 | SGTU | N5/INV/-1/2100076 | 22 | 610.7343 C16B | FN4217 | 13/01/2026 | 29/12/2025 | Books | |||||
| Dewey Decimal Classification | NURSING | SGT Medical Library | SGT Medical Library | Text Book | 28/09/2021 | JAYPEE PUB | 0.00 | VOLUME-2 | SGTU | N5/INV/-1/2100076 | 18 | 610.7343 C16B | FN4218 | 24/12/2025 | 23/12/2025 | Books | |||||
| Dewey Decimal Classification | Not For Loan | NURSING | SGT Medical Library | SGT Medical Library | Text Book | 28/09/2021 | JAYPEE PUB | 0.00 | VOLUME-2 | SGTU | N5/INV/-1/2100076 | 5 | 610.7343 C16B | FN4219 | 07/09/2023 | 07/09/2023 | Books | ||||
| Dewey Decimal Classification | NURSING | SGT Medical Library | SGT Medical Library | Text Book | 28/09/2021 | JAYPEE PUB | 0.00 | VOLUME-2 | SGTU | N5/INV/-1/2100076 | 20 | 610.7343 C16B | FN4220 | 08/01/2026 | 19/12/2025 | Books |